000 00653cam a2200217 a 4500
001 42772
003 BD-RjUL
005 20211209053605.0
008 160615s1960 enka 001 0 eng
035 _a(BD-RjUL) 42890
040 _aDLC
_cWSU
_dSER
_dUKM
_dMYG
_dBD-RjUL
_beng
041 _aeng
082 _a330.1
_223
_bBEO 1960
100 1 _aBensusan-Butt, D. M.
_q(David Miles)
_9131447
245 1 0 _aOn economic growth :
_ban essay in pure theory /
_cD. M. Bensusan-Butt
260 _aOxford :
_bClarendon Press,
_c1960
300 _a214 p. :
_bill. ;
_c19 cm.
500 _aIncludes index
650 0 _aEconomic development.
_9131448
942 _2ddc
_cBK
999 _c42772
_d42772